000 00696cam a22002533a 4500
001 28346
003 PGUSA
005 20140828083619.0
008 090317s2009||||xxu|||||s|||||000 1 eng d
040 _aPGUSA
_beng
042 _adc
050 4 _aPS
100 1 _aHarrison, Harry,
_d1925-2012
245 1 0 _aDeathworld
_h[electronic resource] /
_cHarry Harrison
260 _bProject Gutenberg,
_c2009
506 _aPublic domain in the USA.
516 _aElectronic text
653 _aScience fiction
653 _aLife on other planets -- Fiction
700 1 _aDongen, H. R. van
830 0 _aProject Gutenberg
_v28346
856 4 0 _uhttp://www.gutenberg.org/ebooks/28346
942 _cEB
999 _c257601
_d257601